[Event "Tatry op"]
[Site "Tatranske Matliare"]
[Date "2025.05.30"]
[Round "7"]
[White "Starychfojtu, Josef"]
[Black "Nicolini, Alexander"]
[Result "1-0"]
[WhiteElo "1888"]
[BlackElo "2132"]
[PlyCount "49"]
[EventDate "2025.05.24"]
[EventType "swiss"]
[EventRounds "8"]
[EventCountry "SVK"]
[SourceTitle "CB23_2025"]
[SourceDate "2025.06.04"]
[SourceVersion "1"]
[SourceVersionDate "2025.06.04"]
[SourceQuality "1"]

1. e4 d6 2. d4 Nf6 3. Nc3 g6 4. Bc4 a6 5. a4 Bg7 6. Be3 0-0 7. f3 e5 8. Nge2 exd4 9. Nxd4 Nc6 10. Qd2 Bd7 11. h4 Ne5 12. Be2 c5 13. Nb3 Be6 14. Rd1 c4 15. Nd4 d5 16. exd5 Bxd5 17. Bh6 Qe7 18. Bxg7 Kxg7 19. Qg5 Kh8 20. f4 Nc6 21. Nxd5 Nxd5 22. Qxd5 Qe3 23. Nxc6 Qg3+ 24. Kf1 Qxf4+ 25. Bf3 1-0

[Event "SVK-chT1W 2425"]
[Site "Slovakia"]
[Date "2024.11.17"]
[Round "2.5"]
[White "Nicolini, Alexander"]
[Black "Salgovic, Simon"]
[Result "1-0"]
[WhiteElo "2152"]
[BlackElo "2064"]
[PlyCount "63"]
[EventDate "2024.11.16"]
[EventType "team-tourn"]
[EventRounds "11"]
[EventCountry "SVK"]
[SourceTitle "CB51_2024"]
[SourceDate "2024.12.18"]
[SourceVersion "1"]
[SourceVersionDate "2024.12.18"]
[SourceQuality "1"]
[WhiteTeam "Cifer"]
[BlackTeam "Bratislava Doprastav"]
[WhiteTeamCountry "SVK"]
[BlackTeamCountry "SVK"]

1. e4 Nc6 2. d4 d5 3. e5 Bf5 4. a3 f6 5. f4 e6 6. Nf3 Nge7 7. Be2 Qd7 8. Nbd2 Bg4 9. b4 Nf5 10. Nb3 a5 11. c3 b6 12. Bd2 a4 13. Nc1 Nd8 14. Nd3 Be7 15. 0-0 0-0 16. Qe1 Bxf3 17. Rxf3 c5 18. bxc5 bxc5 19. g4 Nh6 20. exf6 gxf6 21. Rh3 Nhf7 22. Qh4 h6 23. Qh5 Kg7 24. f5 Rh8 25. Rf1 Kf8 26. Nf4 Ke8 27. Re3 e5 28. dxe5 fxe5 29. Rxe5 Qd6 30. Bb5+ Kf8 31. Ng6+ Kg7 32. Rxe7 1-0

[Event "SVK-chT2A 2324"]
[Site "Slovakia"]
[Date "2023.11.11"]
[Round "3.4"]
[White "Danek, Pavol"]
[Black "Nicolini, Alexander"]
[Result "1/2-1/2"]
[WhiteElo "2204"]
[BlackElo "2131"]
[PlyCount "57"]
[EventDate "2023.10.07"]
[EventType "team-tourn"]
[EventRounds "11"]
[EventCountry "SVK"]
[SourceTitle "EXT 2025"]
[Source "ChessBase"]
[SourceDate "2024.10.14"]
[SourceVersion "1"]
[SourceVersionDate "2024.10.14"]
[SourceQuality "1"]
[WhiteTeam "Krasnany"]
[BlackTeam "Trnava Lokomotiva"]
[WhiteTeamCountry "SVK"]
[BlackTeamCountry "SVK"]

1. d4 f5 2. Nf3 Nf6 3. g3 g6 4. Bg2 Bg7 5. c4 0-0 6. Nc3 d6 7. 0-0 Qe8 8. d5 a5 9. Nd4 Na6 10. Bg5 h6 11. Bxf6 Bxf6 12. e3 Bd7 13. Nce2 c5 14. Ne6 Bxe6 15. dxe6 Rb8 16. Qd2 a4 17. Rab1 Kg7 18. e4 fxe4 19. Bxe4 Nc7 20. Bd5 b5 21. b3 axb3 22. axb3 Nxd5 23. cxd5 Ra8 24. h4 Ra3 25. Qc2 g5 26. hxg5 hxg5 27. f4 Qg6 28. Qxg6+ Kxg6 29. Kg2 1/2-1/2

[Event "Tatry op"]
[Site "Tatranske Matliare"]
[Date "2022.06.04"]
[Round "9"]
[White "Nicolini, Alexander"]
[Black "Steiner, Bruno"]
[Result "1-0"]
[WhiteElo "2156"]
[BlackElo "2120"]
[PlyCount "75"]
[EventDate "2022.05.28"]
[EventType "swiss"]
[EventRounds "9"]
[EventCountry "SVK"]
[SourceTitle "EXT 2024"]
[Source "ChessBase"]
[SourceDate "2023.10.10"]
[SourceVersion "1"]
[SourceVersionDate "2023.10.10"]
[SourceQuality "1"]

1. e4 e5 2. Nf3 d6 3. Bc4 Nf6 4. d3 Be7 5. 0-0 0-0 6. c3 h6 7. Nbd2 c5 8. Bb3 Nc6 9. Re1 a6 10. Nf1 Be6 11. Ng3 Qd7 12. h3 Rfe8 13. Bc2 Rac8 14. Qe2 Bf8 15. Kh2 d5 16. Bd2 Qc7 17. Rf1 b5 18. Nh4 d4 19. Nhf5 dxc3 20. bxc3 b4 21. Bb3 bxc3 22. Bxc3 Nd4 23. Nxd4 exd4 24. Bd2 Rb8 25. Qf3 Bxb3 26. axb3 Rxb3 27. Rfc1 Nxe4 28. Bf4 Bd6 29. Bxd6 Qxd6 30. Qf5 Nxg3 31. fxg3 Re5 32. Qc8+ Kh7 33. Rxa6 Qd5 34. Rc2 Rxd3 35. Ra8 Re1 36. Qg8+ Kg6 37. Ra6+ f6 38. Qxd5 1-0

[Event "Tatry op"]
[Site "Tatranske Matliare"]
[Date "2022.06.02"]
[Round "7"]
[White "Nicolini, Alexander"]
[Black "Pcola, Jaroslav1"]
[Result "1-0"]
[WhiteElo "2156"]
[BlackElo "2044"]
[PlyCount "68"]
[EventDate "2022.05.28"]
[EventType "swiss"]
[EventRounds "9"]
[EventCountry "SVK"]
[SourceTitle "EXT 2024"]
[Source "ChessBase"]
[SourceDate "2023.10.10"]
[SourceVersion "1"]
[SourceVersionDate "2023.10.10"]
[SourceQuality "1"]

1. e4 e6 2. d4 d5 3. Nc3 Bb4 4. exd5 exd5 5. Bd3 Nc6 6. Nge2 Nge7 7. a3 Bxc3+ 8. bxc3 Bf5 9. Rb1 b6 10. Ng3 Bxd3 11. cxd3 Qd7 12. Qf3 0-0 13. 0-0 Rac8 14. h4 Nd8 15. Re1 f6 16. Rb2 Nf7 17. Rbe2 Rfe8 18. Nh5 Ng6 19. Qxf6 gxf6 20. Nxf6+ Kg7 21. Nxd7 Rxe2 22. Rxe2 Nxh4 23. Re6 Ng6 24. Nf6 c6 25. g3 b5 26. Nh5+ Kg8 27. Kg2 a5 28. g4 Nf8 29. Re7 Ng6 30. Re2 a4 31. f4 Nf8 32. f5 h6 33. Re7 Rd8 34. Bf4 Rd7 1-0

[Event "SVK-ch 50"]
[Site "Tatranske Matliare"]
[Date "2019.05.27"]
[Round "4"]
[White "Nicolini, Alexander"]
[Black "Shilov, Sergej"]
[Result "1/2-1/2"]
[WhiteElo "2157"]
[BlackElo "2113"]
[PlyCount "66"]
[EventDate "2019.05.25"]
[EventType "swiss"]
[EventRounds "9"]
[EventCountry "SVK"]
[SourceTitle "CBM 190 Extra"]
[Source "ChessBase"]
[SourceDate "2019.07.15"]
[SourceVersion "1"]
[SourceVersionDate "2019.07.15"]
[SourceQuality "1"]

1. e4 g6 2. d4 Bg7 3. Nc3 d6 4. Bc4 Nf6 5. Bb3 0-0 6. Nge2 Nc6 7. a4 e5 8. dxe5 dxe5 9. Qxd8 Rxd8 10. Bg5 Nb4 11. Rc1 Be6 12. Bxe6 fxe6 13. f3 Rd7 14. Nd1 Rad8 15. Nf2 h6 16. Be3 Bf8 17. Nc3 Kh7 18. Ncd1 h5 19. c3 Nd3+ 20. Nxd3 Rxd3 21. Ke2 h4 22. g4 R3d7 23. Nf2 Kg8 24. Rcd1 Nh7 25. Rxd7 Rxd7 26. Rd1 Rxd1 27. Kxd1 a6 28. Nd3 Bd6 29. Ke2 Kf7 30. c4 c6 31. Bf2 g5 32. Nc5 Bxc5 33. Bxc5 Nf8 1/2-1/2

[Event "SVK-ch 50"]
[Site "Tatranske Matliare"]
[Date "2019.05.25"]
[Round "1"]
[White "Nicolini, Alexander"]
[Black "Weis, Dusan1"]
[Result "1-0"]
[WhiteElo "2157"]
[BlackElo "1764"]
[PlyCount "93"]
[EventDate "2019.05.25"]
[EventType "swiss"]
[EventRounds "9"]
[EventCountry "SVK"]
[SourceTitle "CBM 190 Extra"]
[Source "ChessBase"]
[SourceDate "2019.07.15"]
[SourceVersion "1"]
[SourceVersionDate "2019.07.15"]
[SourceQuality "1"]

1. e4 e5 2. Nf3 Nc6 3. d4 exd4 4. Nxd4 Qe7 5. Nc3 Nf6 6. Nxc6 bxc6 7. Bd3 Bb7 8. 0-0 0-0-0 9. Re1 h5 10. Qf3 Ng4 11. Bf4 g5 12. Bd2 Bg7 13. Qf5 Bf6 14. e5 Bxe5 15. h3 f6 16. hxg4 hxg4 17. Rxe5 Qxe5 18. Qxe5 fxe5 19. Ne2 Rdg8 20. Ng3 Kd8 21. Be2 c5 22. c4 Rh6 23. Be3 d6 24. Bxg4 Rh4 25. Be6 Rg6 26. Bf7 Rg7 27. Nf5 Rxf7 28. Bxg5+ Kd7 29. Nxh4 Rg7 30. Be3 Rg4 31. g3 Rxc4 32. Rc1 Rg4 33. Kh2 Bc8 34. f3 Rg8 35. g4 a6 36. Kg3 a5 37. g5 Bb7 38. g6 Bd5 39. Kg4 Be6+ 40. Kg5 Ke7 41. a3 a4 42. f4 exf4 43. Bxf4 c6 44. Nf5+ Kd7 45. Nxd6 Rf8 46. Rd1 Bd5 47. g7 1-0

[Event "SVK-chT3A2 1819"]
[Site "Slovakia"]
[Date "2018.11.04"]
[Round "3.4"]
[White "Nicolini, Alexander"]
[Black "Palka, Miroslav"]
[Result "1-0"]
[WhiteElo "2142"]
[BlackElo "1909"]
[PlyCount "93"]
[EventDate "2018.10.07"]
[EventType "team-tourn"]
[EventRounds "11"]
[EventCountry "SVK"]
[SourceTitle "EXT 2020"]
[Source "ChessBase"]
[SourceDate "2019.10.17"]
[SourceVersion "1"]
[SourceVersionDate "2019.10.17"]
[SourceQuality "1"]
[WhiteTeam "Trnava Lokomotiva II"]
[BlackTeam "Senica SK"]
[WhiteTeamCountry "SVK"]
[BlackTeamCountry "SVK"]

1. e4 c5 2. Nf3 d6 3. c3 Nf6 4. Bd3 Nc6 5. Bc2 g6 6. 0-0 Bg7 7. Qe2 0-0 8. Rd1 Ne5 9. h3 Be6 10. Ng5 Bc4 11. d3 Ba6 12. f4 Nc6 13. a4 h6 14. Nf3 e5 15. Qf2 Nh5 16. fxe5 Nxe5 17. d4 Nxf3+ 18. Qxf3 cxd4 19. cxd4 Qb6 20. Qf2 Rac8 21. Nc3 Qc7 22. Be3 b6 23. Rac1 Qd7 24. Bb1 Bc4 25. Qh4 Qd8 26. Qf2 Qf6 27. g4 Qxf2+ 28. Kxf2 Nf6 29. Kf3 Nd7 30. Re1 a6 31. Nd5 Bxd5 32. exd5 Nf6 33. Ba2 Rfe8 34. Rc6 Rxc6 35. dxc6 d5 36. Rc1 Rc8 37. h4 g5 38. hxg5 hxg5 39. Bxg5 Ne8 40. Bxd5 Bxd4 41. b4 Nc7 42. Bb3 b5 43. Bf4 bxa4 44. Bxa4 Ne6 45. Bd6 Bb2 46. Rc4 Kg7 47. c7 1-0